00566nam a2200181 a 450000100060000000300090000600800410001504000280005608200160008410000240010024500360012426000300016030000100019059001360020065000190033694200120035599900170036712325CO-ViMGA141112s2004 ck r 000 u spa d aCO-ViMGAbspacCO-ViMGA04a823.8 J69r31 aJoyce, James91758510aRetrato del artista adolescente aBogotá : bFaro, c1886 a273p. aForma de adquisición : DONACION - - Precio : 20.000 - - Proveedor : RAFAEL SALAMANCA - - Fecha de adquisición : 31 - 01 - 200114aNOVELA INGLESA 2ddccBK c23335d23335